000 00384nam a2200145Ia 4500
008 230917s9999||||xx |||||||||||||| ||und||
040 _e96936
_aMAIN
041 _aEnglish
082 _a973 H353E
100 _aHebalkar, Sharad
245 0 _aEssays on history of pre-columbian America
260 _aMaharashtra
_bBabasaheb Apte Smarak Samiti
_c2002
300 _a132 p.
942 _cBK
999 _c82320
_d82320